LIBRARY & INFORMATION CENTRE, KCAET, TAVANUR

ONLINE PUBLIC ACCESS CATALOGUE (OPAC)

'Food Management (Record no. 14692)

MARC details
000 -LEADER
fixed length control field 00294nam a22001337a 4500
020 ## - INTERNATIONAL STANDARD BOOK NUMBER
ISBN 9789383028092
082 ## - DEWEY DECIMAL CLASSIFICATION NUMBER
Classification number 664.07
Item number VER/FO
100 ## - MAIN ENTRY--AUTHOR NAME
Personal name Verma R.K.
245 ## - TITLE STATEMENT
Title 'Food Management
250 ## - EDITION STATEMENT
Edition statement 1
260 ## - PUBLICATION, DISTRIBUTION, ETC. (IMPRINT)
Place of publication New Delhi
Name of publisher Advance Learner Press
Year of publication 2013
300 ## - PHYSICAL DESCRIPTION
Number of Pages 231
942 ## - ADDED ENTRY ELEMENTS (KOHA)
Koha item type Books
Holdings
Withdrawn status Lost status Damaged status Collection code Home library Current library Shelving location Date acquired Source of acquisition Cost, normal purchase price Full call number Accession Number Koha item type
        KAUAET KAUAET General Stacks 28/07/2016 Penta Books. 800.00 664.07 VER/FO 24192 Books
free website counter